Sketches from nature /

Bibliographic Details
Main Author: Warner, Sylvia Townsend, 1893-1978
Format: Book
Language:English
Published: [England] : [publisher not identified], 1963

MARC

Tag First Indicator Second Indicator Subfields
LEADER 00000cam a2200000Ia 4500
001 in00002117203
005 20151102190231.0
008 850307s1963 enk 000 0 eng d
035 |a (OCoLC)ocm11773133 
040 |a HHG  |c HHG  |d TXA  |d UtOrBLW 
049 |a TXAM 
050 4 |a PR6045.A812  |b S55 1963 
090 |a PR6045.A812  |b S53 1963 
100 1 |a Warner, Sylvia Townsend,  |d 1893-1978. 
245 1 0 |a Sketches from nature /  |c Sylvia Townsend Warner. 
264 1 |a [England] :  |b [publisher not identified],  |c 1963 
264 3 |a Wells Somerset :  |b Clare, Son & Co. 
300 |a 45 pages ;  |c 22 cm. 
336 |a text  |b txt  |2 rdacontent 
337 |a unmediated  |b n  |2 rdamedia 
338 |a volume  |b nc  |2 rdacarrier 
500 |a The Cushing Library/Lit./Mitchell copy is inscribed by the author to David Garnett. 
500 |a The Cushing Library/Lit./Mitchell copy has a bookplate "from the library of David Garnett" used for the auction of his library. 
994 |a C0  |b TXA 
948 |a cataloged  |b h  |c 2006/1/30  |d c  |e mzajicek  |f 8:25:47 am 
999 |a MARS 
999 f f |s fa762804-a2fd-3759-8b85-a7b04db8aae3  |i bb924cc8-ee06-37a2-aa2a-85081deb7979  |t 0 
952 f f |p noncirc  |a Texas A&M University  |b College Station  |c Cushing Memorial Library & Archives  |d Cushing: Literature/Mitchell (Does not check out)  |t 0  |e PR6045.A812 S53 1963  |h Library of Congress classification  |i unmediated -- volume 
998 f f |a PR6045.A812 S53 1963  |t 0  |l Cushing: Literature/Mitchell (Does not check out)